Statystyki dla Najczęściej używane języki świata

Kliknij tutaj aby rozwiązać quiz!

Ogólne statystyki

  • Ten quiz został rozwiązany 33 841 razy
  • Średni wynik to 14 z 52

Statystyki odpowiedzi

#Język% Poprawnych
379 mlnangielski
99%
39,7 mlnpolski
96%
90,2 mlnniemiecki
(wliczając bawarski)
93%
480 mlnhiszpański
92%
154 mlnrosyjski
91%
77,2 mlnfrancuski
89%
128 mlnjapoński
79%
221 mlnportugalski
76%
64,8 mlnwłoski
75%
27,3 mlnukraiński
68%
> 275 mlnarabski
59%
918 mlnmandaryński
53%
77,3 mlnkoreański
52%
79,4 mlnturecki
45%
23,1 mlnholenderski
39%
341 mlnhindi
36%
24,3 mlnrumuński
30%
76,0 mlnwietnamski
23%
> 59 mlnmalajski /
indonezyjski
22%
20,7 mlntajski
17%
52,8 mlnperski
15%
228 mlnbengalski
14%
23,6 mlntagalski
13%
73,1 mlnkantoński
10%
31,8 mlnpaszto
8%
68,6 mlnurdu
7%
50,1 mlnminnański
7%
125 mlnpendżabski
6%
32,9 mlnbirmański
6%
81,4 mlnwu
5%
68,3 mlnjawajski
5%
82,0 mlntelugu
4%
75,0 mlntamilski
4%
25,1 mlnuzbecki
4%
83,1 mlnmarathi
3%
43,6 mlnkannada
2%
37,8 mlnjoruba
2%
37,1 mlnmalajalam
2%
43,9 mlnhausa
2%
21,9 mlnamharski
2%
56,4 mlngudźarati
2%
27,0 mlnigbo
2%
22,1 mlngan
1%
20,7 mlnmagadhi
1%
34,5 mlnorija
1%
24,6 mlnsindhi
1%
32,4 mlnsundajski
1%
33,9 mlnmaithili
1%
37,3 mlnxiang
1%
46,9 mlnjin
1%
48,2 mlnhakka
1%
52,2 mlnbhodźpuri
1%

Rozkład punktacji

Percentyl według liczby udzielonych odpowiedzi

Procent ludzi z każdym wynikiem

Twoja historia wyników

Nie rozwiązałeś tego quizu